Normal view
MARC view
Entry Personal Name
001 - CONTROL NUMBER
- control field: 49464
003 - CONTROL NUMBER IDENTIFIER
- control field: ARRUPE
005 - DATE AND TIME OF LATEST TRANSACTION
- control field: 20200207112551.0
008 - FIXED-LENGTH DATA ELEMENTS
- fixed length control field: 200207|| aca||aabn | a|a d
040 ## - CATALOGING SOURCE
- Original cataloging agency: ARRUPE
- Transcribing agency: ARRUPE
100 ## - HEADING--PERSONAL NAME
- Personal name: Kilvert, Robert Francis,
- Dates associated with a name: 1840-1879.
670 ## - SOURCE DATA FOUND
- Source citation: Work cat.: (ARRUPE)0: Kilvert, Robert Francis, 1840-1879., Kilvert's diary, 1870-1879 :, 1979